000 01050cab a2200265 4500
001 ABS53086
008 090401t1995 xxu||||| |||| 00| 0 eng d
035 _a(Sirsi) u1916
041 _aeng
245 _aEyre Estate Trustees v Shack
260 _c1995
350 _a0
490 _aEstates Gazette
_v(1995) 24 EG 153-155(3)
520 _aLVT for the London Rent Assessment Panel, 2 November 1994. Determined the enfranchisement price for the freehold of premises, ruling that a reduction in the freehold value for risk of tenant remaining in possession under the Landlord and Tenant Act 1954 Part I was not applicable in this case.
650 _aDETERMINATION OF PRICE
650 _aEYRE ESTATE TRUSTEES V SHACK
650 _aLANDLORD AND TENANT ACT 1954 PART I
650 _aLEASEHOLD ENFRANCHISEMENT
650 _aLEASEHOLD REFORM ACT 1967
650 _aLLOYD-JONES V CHURCH COMMISSIONERS FOR ENGLAND
650 _aValuation
_96273
690 _aLANDLORD AND TENANT-CASE LAW-LEASEHOLD REFORM
942 _n0
948 _c04/03/1997
999 _c1123
_d1123